Générique Hailey sauve le monde - Paroles - Statistiques

Statistiques générales
  • Ce quiz a été pris 2 fois
  • Le résultat moyen est 7 sur 15
Statistiques - réponses
Paroles % Correct
Hailey sauve le {monde}
100%
Hailey sauve le {monde}
100%
Hailey sauve le {monde}
100%
Qui peut sauver le {monde}
100%
Apprendre au chat à jouer du {piano}
50%
Du cérumen ? En faire une {bougie}
50%
Embrasser {Scott} ?
50%
{Moi} ?
50%
Ont été envoyés du {futur}
50%
Pour arrêter la seule {personne}
50%
Concourir avec une jolie {pierre}
0%
Des robots du {chaos}
0%
D'un labyrinthe, ressortir {entière}
0%
Manger un {oignon}
0%
Rouler en patins jusqu'à {Orlando}
0%
Aucun quiz correspondant
Distribution des résultats
% des personnes avec chaque résultat
Percentile par nombre de réponses
Votre historique - résultats
Vous n’avez pas pris ce quiz